Dimensionamiento, construcción y puesta en marcha de un sistema de secado de granos de café con uso de colectores solares
Guardat en:
| Autor principal: | |
|---|---|
| Format: | Llibre |
| Idioma: | Spanish |
| Publicat: |
San José, Costa Rica
2014
|
| Matèries: | |
| Etiquetes: |
Afegir etiqueta
Sense etiquetes, Sigues el primer a etiquetar aquest registre!
|
MARC
| LEADER | 00000nam a22000007a 4500 | ||
|---|---|---|---|
| 003 | 011889 | ||
| 005 | 20221231143902.0 | ||
| 008 | 150317b2014 cr a|||| |||| 00| 0 spa d | ||
| 040 | |c cru CEDI | ||
| 090 | |a TFG 7055 | ||
| 100 | |9 520 |a Mora Vindas, Allan Gerardo | ||
| 245 | |a Dimensionamiento, construcción y puesta en marcha de un sistema de secado de granos de café con uso de colectores solares | ||
| 260 | |a San José, Costa Rica |c 2014 | ||
| 500 | |a Proyecto de graduación (licenciatura en ingeniería química)--Universidad de Costa Rica. Facultad de Ingeniería. Escuela de Ingeniería Química | ||
| 650 | |x CAFE - SECADO |x SECADORES SOLARES |x SECADORES SOLARES - DISEÑO Y CONSTRUCCION |x COLECTORES SOLARES |x RADIACION SOLAR - APLICACIONES INDUSTRIALES |x ENERGIA SOLAR - APLICACIONES INDUSTRIALES |9 521 | ||
| 942 | |c TFG | ||
| 999 | |c 13730 |d 13730 | ||
